| 000 | 00000nam##2200000za#4500 |
| 001 | 9.581058 |
| 003 | CaOODSP |
| 005 | 20210624191334 |
| 007 | cr ||||||||||| |
| 008 | 150406|2014||||xxc|||||o f|0| 0 eng|d |
| 020 | |a978-1-100-25256-8 |
| 040 | |aCaOODSP|beng |
| 043 | |an-cn--- |
| 086 | 1 |aEm7-1/5-3-2014E-PDF |
| 110 | 1 |aCanada. |bEmployment and Social Development Canada. |bLabour Program. |
| 245 | 10|aLeave related to death or disappearance|h[electronic resource] |
| 260 | |aGatineau - Quebec : |bEmployment and Social Development Canada. |cc2014. |
| 300 | |a6p. |
| 490 | 1 |aInformation on labour standards|v5C |
| 590 | |a15-04|b2015-01-23 |
| 690 | 07|aLeave of absence|2gcpds |
| 775 | 08|tCongé en cas de décès ou de disparition|w(CaOODSP)9.607924 |
| 794 | |tLeave related to death or disappearance.|w(CaOODSP)9.881887 |
| 830 | #0|aInformation on labour standards ;|v5C|w(CaOODSP)9.504936 |
| 856 | 40|ahttp://publications.gc.ca|qPDF|s309 KB|uhttps://publications.gc.ca/collections/collection_2015/edsc-esdc/Em7-1-5-3-2014-eng.pdf|y5C |
| 986 | |aLT-264-10-14E |